000 00643nam a2200205 i 4500
001 108079
003 ES-MaACL
005 20240205165150.0
007 t|
008 070119s1949 fr ||||1| fre d
080 _a73 Picasso, Pablo
100 1 _aKahnweiler, Daniel-Henry.
_967430
245 1 4 _aLes sculptures de Picasso /
_cDaniel Henry Kahnweiler ; photographies de Brassai.
260 _aParis :
_bLes Editions du Chêne,
_c[1949]
300 _a8 h., 70 lám. ;
_c32 cm.
600 1 4 _aPicasso, Pablo,
_d1881-1973
_991794
700 0 _aBrassaï.
_931390
852 _aES-MaACL
_jB-2928
_bR.31648
999 _c108079
_d108079